Climate change 2007 : (Record no. 4497)
[ view plain ]
| 000 -LEADER | |
|---|---|
| fixed length control field | 00780nam a22002292 4500 |
| 001 - CONTROL NUMBER | |
| control field | 0000024240 |
| 005 - DATE AND TIME OF LATEST TRANSACTION | |
| control field | 20151217145946.0 |
| 008 - FIXED-LENGTH DATA ELEMENTS--GENERAL INFORMATION | |
| fixed length control field | 130620s xx 000 0 eng d |
| 020 ## - INTERNATIONAL STANDARD BOOK NUMBER | |
| International Standard Book Number | 0521705981 : |
| 040 ## - CATALOGING SOURCE | |
| Original cataloging agency | KABU |
| Transcribing agency | KABU |
| 245 10 - TITLE STATEMENT | |
| Title | Climate change 2007 : |
| Remainder of title | mitigation of climate change / |
| Statement of responsibility, etc. | edited by Bert Metz ... [et al.]. |
| 250 ## - EDITION STATEMENT | |
| Edition statement | 1st ed. |
| 260 ## - PUBLICATION, DISTRIBUTION, ETC. (IMPRINT) | |
| Place of publication, distribution, etc. | Cambridge : |
| Name of publisher, distributor, etc. | C. U. P., |
| Date of publication, distribution, etc. | 2007. |
| 300 ## - PHYSICAL DESCRIPTION | |
| Extent | x, 851 p. |
| 650 #0 - SUBJECT ADDED ENTRY--TOPICAL TERM | |
| Topical term or geographic name as entry element | Climatic changes |
| General subdivision | Economic aspects. |
| -- | 0000167262 |
| 650 #0 - SUBJECT ADDED ENTRY--TOPICAL TERM | |
| Topical term or geographic name as entry element | Greenhouse gases |
| General subdivision | Environmental aspects. |
| -- | 0000163328 |
| 650 #0 - SUBJECT ADDED ENTRY--TOPICAL TERM | |
| Topical term or geographic name as entry element | Greenhouse gas mitigation |
| General subdivision | Government policy. |
| -- | 0000184226 |
| 700 1# - ADDED ENTRY--PERSONAL NAME | |
| Personal name | Metz, Bert. |
| -- | 0000184227 |
| 852 1# - LOCATION | |
| -- | p9681 KES |
| 908 ## - PUT COMMAND PARAMETER (RLIN) | |
| Put command parameter | 130620 |
| 950 ## - LOCAL HOLDINGS (RLIN) | |
| -- | 1 |
| Withdrawn status | Lost status | Source of classification or shelving scheme | Not for loan | Home library | Current library | Date acquired | Total Checkouts | Full call number | Barcode | Date last seen | Price effective from | Koha item type |
|---|---|---|---|---|---|---|---|---|---|---|---|---|
| Library of Congress Classification | Kabarak, Main Campus | Kabarak, Main Campus | 17/12/2015 | QC981.8 .C5C55 2007 c. 1 | 015724 | 17/12/2015 | 17/12/2015 | General Collection |